MARC

LEADER 00000nam0a2200000 4500
001 291493
005 20231102000408.0
035 |a (RuTPU)RU\TPU\book\316062 
090 |a 291493 
100 |a 20150414d1983 m y0rusy5003 ca 
101 0 |a rus 
102 |a RU 
105 |a a j 000zy 
200 1 |a Экономика, организация и планирование электромонтажных работ  |e учебник для техникумов  |f А. Г. Алексеев 
205 |a 4-е изд., перераб. и доп. 
210 |a Москва  |c Стройиздат  |d 1983 
215 |a 398 с.  |c ил. 
606 1 |a Электромонтажные работы  |x (строительство)  |2 stltpush  |3 (RuTPU)RU\TPU\subj\20282  |9 45392 
610 1 |a капитальное строительство 
610 1 |a экономика 
610 1 |a планирование 
610 1 |a управление 
610 1 |a строительно-монтажные работы 
610 1 |a научно-технический прогресс 
610 1 |a технико-экономические расчеты 
610 1 |a проекты 
610 1 |a пусконаладочные работы 
610 1 |a научная организация труда 
610 1 |a качество 
610 1 |a производительность 
610 1 |a заработная плата 
610 1 |a производственные фонды 
610 1 |a монтажные организации 
610 1 |a материально-техническое обеспечение 
610 1 |a ценообразование 
610 1 |a себестоимость 
610 1 |a прибыль 
610 1 |a технико-экономическая эффективность 
610 1 |a финансовая деятельность 
610 1 |a себестоимость 
610 1 |a учебники 
675 |a 696.6(075.32)  |v 3 
700 1 |a Алексеев  |b А. Г.  |g Александр Григорьевич 
801 0 |a RU  |b RuMRKP  |c 19950704  |g psbo 
801 1 |a RU  |b 63413507  |c 20150414 
801 2 |a RU  |b 63413507  |c 20180419  |g RCR 
942 |c BK